{"text_format":"3","workbook":"xlsx","n_sheets":1,"sheets":["电缆电线"],"not_rendered":{"defined_names":1},"read":"whole","date_system":"1900"}

{"sheet":"电缆电线","index":0,"n_rows":34,"n_cols":10,"rows_kept":34,"merged":[[0,0,0,9],[33,0,33,9]]}
["第一部分    材料采购清单"]
["序号","材料名称","规格型号","计量单位","暂定采购量","税率","材料单价限价\n（不含税）","材料单价限价\n（含税）","总计（含税）","备注"]
[1,"WDZC-BYJ-2.5mm2",null,"m",{"v":11534.0521,"d":"11534.05"},{"v":0.13,"d":"13%"},1.86,{"$f":"G3*F3+G3","v":{"v":2.1018,"d":"2.10"}},{"$f":"E3*H3","v":{"v":24242.27070378,"d":"24242.27"}}]
[2,"WDZC-BYJ-4mm2",null,"m",{"$f":"1888.5395","v":{"v":1888.5395,"d":"1888.54"}},{"v":0.13,"d":"13%"},2.91,{"v":3.2883,"d":"3.29"},{"v":6210.08443785,"d":"6210.08"}]
[3,"WDZC-BYJ-6mm2",null,"m",{"$f":"16578.139+2944.2945","v":{"v":19522.4335,"d":"19522.43"}},{"v":0.13,"d":"13%"},4.28,{"v":4.8364,"d":"4.84"},{"v":94418.2973794,"d":"94418.30"}]
[4,"WDZC-BYJ-10mm2",null,"m",{"$f":"597.345+484.869","v":{"v":1082.214,"d":"1082.21"}},{"v":0.13,"d":"13%"},7.32,{"v":8.2716,"d":"8.27"},{"v":8951.6413224,"d":"8951.64"}]
[5,"WDZC-BYJ-16",null,"m",1.05,{"v":0.13,"d":"13%"},11.47,{"v":12.9611,"d":"12.96"},{"v":13.609155,"d":"13.61"}]
[6,"WDZC-BYJ-25mm2",null,"m",{"$f":"35.553+301.917","v":337.47},{"v":0.13,"d":"13%"},{"v":17.8,"d":"17.80"},{"v":20.114,"d":"20.11"},{"v":6787.87158,"d":"6787.87"}]
[7,"WDZCN-BYJ-2.5",null,"m",{"$f":"2952.104-868.5075-190.071","v":{"v":1893.5255,"d":"1893.53"}},{"v":0.13,"d":"13%"},2.12,{"v":2.3956,"d":"2.40"},{"v":4536.1296878,"d":"4536.13"}]
[8,"WDZC-BYJ-1.5mm2",null,"m",{"v":1214.199,"d":"1214.20"},{"v":0.13,"d":"13%"},1.29,{"v":1.4577,"d":"1.46"},{"v":1769.9378823,"d":"1769.94"}]
[9,"ZR-RVV-2*1.0mm2",null,"m",{"v":199.584,"d":"199.58"},{"v":0.13,"d":"13%"},2.08,{"v":2.3504,"d":"2.35"},{"v":469.1022336,"d":"469.10"}]
[10,"ZR-RVV-6*1.0mm2",null,"m",{"v":213.192,"d":"213.19"},{"v":0.13,"d":"13%"},5.84,{"v":6.5992,"d":"6.60"},{"v":1406.8966464,"d":"1406.90"}]
[11,"RVV-2*1.0mm2",null,"m",{"v":197.121,"d":"197.12"},{"v":0.13,"d":"13%"},2.08,{"v":2.3504,"d":"2.35"},{"v":463.3131984,"d":"463.31"}]
[12,"RVV-2*1.5mm2",null,"m",{"v":287.301,"d":"287.30"},{"v":0.13,"d":"13%"},2.99,{"v":3.3787,"d":"3.38"},{"v":970.7038887,"d":"970.70"}]
[13,"RVS-2*1.5mm2",null,"m",31.19,{"v":0.13,"d":"13%"},2.12,{"v":2.3956,"d":"2.40"},{"v":74.718764,"d":"74.72"}]
[14,"WDZC-RYJY-2*1.0mm2",null,"m",{"v":6370.887,"d":"6370.89"},{"v":0.13,"d":"13%"},2.54,{"v":2.8702,"d":"2.87"},{"v":18285.7198674,"d":"18285.72"}]
[15,"WDZC-YJY-3*25+2*16mm2",null,"m",40.43,{"v":0.13,"d":"13%"},{"$f":"68.2","v":{"v":68.2,"d":"68.20"}},{"v":77.066,"d":"77.07"},{"v":3115.77838,"d":"3115.78"}]
[16,"WDZB-YJY-3*50+2*25mm2",null,"m",{"$f":"151.5+20.2","v":{"v":171.7,"d":"171.70"}},{"v":0.13,"d":"13%"},117.83,{"v":133.1479,"d":"133.15"},{"v":22861.49443,"d":"22861.49"}]
[17,"WDZC-YJY-4*25+1*16mm2",null,"m",36.38,{"v":0.13,"d":"13%"},{"$f":"74","v":{"v":74,"d":"74.00"}},83.62,{"v":3042.0956,"d":"3042.10"}]
[18,"WDZB-YJY-4*25+1*16mm2",null,"m",{"v":16.523,"d":"16.52"},{"v":0.13,"d":"13%"},{"$f":"74","v":{"v":74,"d":"74.00"}},83.62,{"v":1381.65326,"d":"1381.65"}]
[19,"WDZB-YJY-4*35+1*16mm2",null,"m",{"v":303,"d":"303.00"},{"v":0.13,"d":"13%"},{"v":96.3,"d":"96.30"},{"v":108.819,"d":"108.82"},{"v":32972.157,"d":"32972.16"}]
[20,"WDZC-YJY-4*35+1*16mm2",null,"m",518.73,{"v":0.13,"d":"13%"},{"v":96.3,"d":"96.30"},{"v":108.819,"d":"108.82"},{"v":56447.67987,"d":"56447.68"}]
[21,"WDZB-YJY-4*50+1*25mm2",null,"m",{"$f":"229.53+101-23.66","v":306.87},{"v":0.13,"d":"13%"},130.64,{"v":147.6232,"d":"147.62"},{"v":45301.131384,"d":"45301.13"}]
[22,"WDZB-YJY-4*70+1*35mm2",null,"m",{"v":39.511,"d":"39.51"},{"v":0.13,"d":"13%"},{"v":187,"d":"187.00"},211.31,{"v":8349.06941,"d":"8349.07"}]
[23,"WDZB-YJY-4*95+1*50mm2",null,"m",{"v":65.508,"d":"65.51"},{"v":0.13,"d":"13%"},{"v":256.2,"d":"256.20"},{"v":289.506,"d":"289.51"},{"v":18964.959048,"d":"18964.96"}]
[24,"WDZB-YJY-4*150+1*70mm2",null,"m",{"$f":"101+60.6+224.73","v":386.33},{"v":0.13,"d":"13%"},{"v":389.2,"d":"389.20"},{"v":439.796,"d":"439.80"},{"v":169906.38868,"d":"169906.39"}]
[25,"WDZB-YJY-4*185+1*95mm2",null,"m",{"v":282.8,"d":"282.80"},{"v":0.13,"d":"13%"},{"v":492,"d":"492.00"},555.96,{"v":157225.488,"d":"157225.49"}]
[26,"WDZB-YJY-4*240+1*120mm2",null,"m",{"v":1403.9,"d":"1403.90"},{"v":0.13,"d":"13%"},642.72,{"v":726.2736,"d":"726.27"},{"v":1019615.50704,"d":"1019615.51"}]
[27,"WDZB-YJY-5*4mm2",null,"m",715.14,{"v":0.13,"d":"13%"},{"v":16.1,"d":"16.10"},{"v":18.193,"d":"18.19"},{"v":13010.54202,"d":"13010.54"}]
[28,"WDZB-YJY-5*6mm2",null,"m",{"v":1110.8384,"d":"1110.84"},{"v":0.13,"d":"13%"},23.35,{"v":26.3855,"d":"26.39"},{"v":29310.0266032,"d":"29310.03"}]
[29,"WDZB-YJY-5*10mm2",null,"m",450.49,{"v":0.13,"d":"13%"},39.04,{"v":44.1152,"d":"44.12"},{"v":19873.456448,"d":"19873.46"}]
[30,"WDZB-YJY-5*16mm2",null,"m",{"v":728.038,"d":"728.04"},{"v":0.13,"d":"13%"},60.68,{"v":68.5684,"d":"68.57"},{"v":49920.4007992,"d":"49920.40"}]
["总计",{"$nulls":7},{"$f":"SUM(I3:I32)","v":{"v":1819898.12471943,"d":"1819898.12"}}]
["注：1、以上单价含税、含运费、含采购及保管费、含上下车费。\n2、最终以实际工程量进行结算。"]